[Event "DEM U12/U12w 2013"]
[Site "Oberhof GER"]
[Date "2013.05.19"]
[Round "1"]
[White "Riedel, Erich"]
[Black "Weiten, Teresa"]
[Result "1-0"]
[Termination "normal"]
[Board "45"]
[WhiteElo "1767"]
[BlackElo "995"]
[PlyCount "93"]
[WhiteFideId "12958646"]
[BlackFideId "12971944"]
[EventCountry "GER"]
[EventRounds "11"]
[EventType "swiss"]
[EventDate "2013.05.18"]

1. e4 e5 2. Nf3 Nc6 3. d4 exd4 4. Nxd4 Bc5 5. Be3 Qf6 6. c3 Nge7 7. Bc4 d6 8.
O-O Bd7 9. Nxc6 Nxc6 10. Bxc5 dxc5 11. f3 O-O 12. Qxd7 Ne5 13. Qb5 c6 14. Qb3
b5 15. Be2 c4 16. Qc2 Ng6 17. g3 Rad8 18. b3 cxb3 19. axb3 Rd7 20. Nd2 Rfd8 21.
Rfd1 Qg5 22. Nf1 Nf4 23. Rxd7 Rxd7 24. Kh1 Nh3 25. Qc1 Qc5 26. Qe3 Qe5 27. Rxa7
Rxa7 28. Qxa7 g5 29. Qd4 Qe6 30. Kg2 h5 31. Ne3 g4 32. fxg4 Ng5 33. Qd8+ Kh7
34. Qxg5 Qxe4+ 35. Kf2 hxg4 36. Qf5+ Qxf5+ 37. Nxf5 Kg6 38. Bxg4 Kg5 39. Kf3
Kf6 40. h4 Kg6 41. h5+ Kh7 42. h6 c5 43. Bh5 f6 44. Bf7 b4 45. cxb4 cxb4 46.
Ke4 Kh8 47. Kd4 1-0

[Event "DEM U12/U12w 2013"]
[Site "Oberhof GER"]
[Date "2013.05.19"]
[Round "1"]
[White "Hofmann, Jana"]
[Black "Degenhard, Simon"]
[Result "0-1"]
[Termination "normal"]
[Board "46"]
[WhiteElo "970"]
[BlackElo "1711"]
[PlyCount "112"]
[WhiteFideId "12971952"]
[BlackFideId "12944017"]
[EventCountry "GER"]
[EventRounds "11"]
[EventType "swiss"]
[EventDate "2013.05.18"]

1. e4 e5 2. Nf3 Nc6 3. Nc3 Nf6 4. Bc4 Bc5 5. d3 d6 6. O-O Bg4 7. h3 Be6 8. Bb5
Qd7 9. Ng5 O-O 10. Be3 Bb6 11. Qf3 h6 12. Nxe6 fxe6 13. Ne2 d5 14. exd5 exd5
15. Qg3 Nh5 16. Qg6 Qf7 17. Qg4 Nf4 18. Nxf4 exf4 19. Bd2 Ne5 20. Qh4 c6 21.
Ba4 Bd8 22. Qxf4 Qxf4 23. Bxf4 Rxf4 24. Rfe1 Rxa4 25. Rxe5 Bf6 26. Re6 Bxb2 27.
Rb1 Rxa2 28. Rbe1 Bf6 29. R1e2 a5 30. Rd6 a4 31. Rd2 Rb2 32. Rd1 a3 33. Re6 a2
34. Ree1 Bc3 35. Rf1 Rb6 36. Rc1 a1=Q 37. Rxa1 Rxa1 38. Rxa1 Bxa1 39. Kh2 Be5+
40. g3 Rb2 41. Kg2 Rxc2 42. Kf3 b5 43. Ke3 b4 44. d4 Bxd4+ 45. Kxd4 b3 46. Kd3
c5 47. f4 c4+ 48. Kd4 b2 49. Kxd5 b1=Q 50. Ke5 Re2+ 51. Kd5 Qf5+ 52. Kxc4 Rd2
53. Kc3 Qd5 54. Kb4 Rd3 55. Ka4 Qc5 56. h4 Ra3# 0-1

[Event "DEM U12/U12w 2013"]
[Site "Oberhof GER"]
[Date "2013.05.19"]
[Round "1"]
[White "Wendler, David"]
[Black "Duan, Muxi"]
[Result "1-0"]
[Termination "normal"]
[Board "47"]
[WhiteElo "1548"]
[BlackElo "929"]
[PlyCount "47"]
[WhiteFideId "12938360"]
[BlackFideId "12971960"]
[EventCountry "GER"]
[EventRounds "11"]
[EventType "swiss"]
[EventDate "2013.05.18"]

1. e4 e5 2. f4 Nc6 3. Nf3 d6 4. Bc4 h6 5. O-O Bg4 6. c3 Bxf3 7. Qxf3 g5 8. fxg5
Qd7 9. Bxf7+ Ke7 10. Bxg8 Rxg8 11. Qf7+ Kd8 12. Qxg8 Kc8 13. Rxf8+ Nd8 14. gxh6
b6 15. h7 Kb7 16. h8=Q Rc8 17. Rxd8 Rxd8 18. Qxd8 Qxd8 19. Qxd8 Ka6 20. Na3 Ka5
21. b4+ Ka4 22. Qd7+ c6 23. Qxc6+ b5 24. Qa6# 1-0

[Event "DEM U12/U12w 2013"]
[Site "Oberhof GER"]
[Date "2013.05.19"]
[Round "1"]
[White "Schubert, Lea Sophie"]
[Black "Fromm, Katja"]
[Result "0-1"]
[Termination "normal"]
[Board "48"]
[WhiteElo "816"]
[BlackElo "1546"]
[PlyCount "56"]
[BlackFideId "12929409"]
[EventCountry "GER"]
[EventRounds "11"]
[EventType "swiss"]
[EventDate "2013.05.18"]

1. e4 c6 2. d4 d5 3. exd5 cxd5 4. Bd3 Nc6 5. c3 Nf6 6. h3 e5 7. dxe5 Nxe5 8.
Qe2 Qe7 9. Kf1 Bd7 10. c4 a6 11. Nf3 Nxd3 12. Qxd3 dxc4 13. Qc3 g6 14. Nbd2 b5
15. b3 Bg7 16. bxc4 Nh5 17. Nd4 O-O 18. N2f3 b4 19. Qd3 Rfe8 20. g3 Rad8 21.
Be3 Nxg3+ 22. fxg3 Qxe3 23. Qxe3 Rxe3 24. Kg2 Ba4 25. Rab1 Bxd4 26. Nxd4 Rxd4
27. h4 Rdd3 28. Rxb4 Bc6+ 0-1

[Event "DEM U12/U12w 2013"]
[Site "Oberhof GER"]
[Date "2013.05.19"]
[Round "2"]
[White "Hoffmann, Fabian"]
[Black "Buckels, Valentin"]
[Result "0-1"]
[Termination "normal"]
[Board "1"]
[WhiteElo "1650"]
[BlackElo "1994"]
[PlyCount "66"]
[WhiteFideId "12964891"]
[BlackFideId "12942766"]
[EventCountry "GER"]
[EventRounds "11"]
[EventType "swiss"]
[EventDate "2013.05.18"]

1. e4 e5 2. Nf3 Nc6 3. Bc4 Bc5 4. c3 Nf6 5. d4 exd4 6. cxd4 Bb4+ 7. Bd2 Bxd2+
8. Nbxd2 d5 9. exd5 Nxd5 10. O-O O-O 11. Re1 Bg4 12. Qc2 Nb6 13. Qc3 Nxc4 14.
Qxc4 Be6 15. Qc3 Bd5 16. Ne5 Ne7 17. Qd3 c6 18. Ne4 f6 19. Nc4 Qc7 20. Re2 Ng6
21. g3 Rad8 22. Rae1 Bf7 23. h4 c5 24. Ned6 Rxd6 25. Nxd6 Qxd6 26. Qa3 Qxd4 27.
Qxa7 Ne5 28. Rc1 Nf3+ 29. Kf1 Bc4 30. Qxb7 Nd2+ 31. Ke1 Bxe2 32. Kxe2 Re8+ 33.
Kd1 Nc4+ 0-1

[Event "DEM U12/U12w 2013"]
[Site "Oberhof GER"]
[Date "2013.05.19"]
[Round "2"]
[White "Perekhozhuk, Maksym"]
[Black "Martin, Julian"]
[Result "0-1"]
[Termination "normal"]
[Board "3"]
[WhiteElo "1749"]
[BlackElo "1847"]
[PlyCount "52"]
[WhiteFideId "12914860"]
[BlackFideId "12941000"]
[EventCountry "GER"]
[EventRounds "11"]
[EventType "swiss"]
[EventDate "2013.05.18"]

1. e4 c5 2. Nf3 d6 3. d4 cxd4 4. Nxd4 Nf6 5. Nc3 a6 6. Bg5 Nbd7 7. f4 g6 8. Qf3
Bg7 9. O-O-O e5 10. Nb3 h6 11. Bh4 exf4 12. Rxd6 g5 13. Bf2 Qc7 14. Qd1 O-O 15.
Be2 Re8 16. g3 Nxe4 17. Nxe4 Rxe4 18. gxf4 Rxe2 19. Rxd7 Qxf4+ 20. Kb1 Rxf2 21.
Rd8+ Kh7 22. Qe1 Bf5 23. Rd2 Rxd2 24. Nxd2 Rc8 25. Rf1 Bxc2+ 26. Ka1 Qd4 0-1

[Event "DEM U12/U12w 2013"]
[Site "Oberhof GER"]
[Date "2013.05.19"]
[Round "2"]
[White "Rockmann, Jan-Okke"]
[Black "Enache, Rares"]
[Result "1/2-1/2"]
[Termination "normal"]
[Board "4"]
[WhiteElo "1785"]
[BlackElo "1628"]
[PlyCount "122"]
[WhiteFideId "12942111"]
[BlackFideId "12976440"]
[EventCountry "GER"]
[EventRounds "11"]
[EventType "swiss"]
[EventDate "2013.05.18"]

1. e4 d5 2. exd5 Qxd5 3. Nc3 Qa5 4. d4 c6 5. Bc4 Bf5 6. Nf3 e6 7. Bd2 Qc7 8.
O-O Nf6 9. Re1 Be7 10. Ne5 O-O 11. Bf4 Bd6 12. Bg3 Nbd7 13. Bd3 Bxd3 14. Qxd3
Rad8 15. Rad1 Bxe5 16. dxe5 Nd5 17. Qd4 Nxc3 18. Qxc3 Nb6 19. Bh4 Rxd1 20. Rxd1
Nd5 21. Qg3 Ne7 22. Bxe7 Qxe7 23. Qd3 Qc5 24. Qe4 Qa5 25. a3 Rd8 26. Rd6 Rxd6
27. exd6 Qd2 28. h3 Qxd6 29. Qa4 a6 30. Qb3 b5 31. c4 Kf8 32. cxb5 axb5 33. Qc2
g6 34. b4 Ke7 35. Qe4 f6 36. Qe3 g5 37. a4 Qd1+ 38. Kh2 Qxa4 39. Qc5+ Kf7 40.
Qxc6 Qxb4 41. Qd7+ Qe7 42. Qxb5 h5 43. h4 Qd6+ 44. g3 Qd2 45. Qb7+ Kg6 46. Qe4+
Kh6 47. hxg5+ Kxg5 48. Qg2 Qd5 49. f4+ Kg6 50. Qc2+ f5 51. Qb2 Qf3 52. Qa2 Qe4
53. Qf2 Qa4 54. Qe2 Qe4 55. Qf2 Qc4 56. Qd2 Qd5 57. Qc3 Qd8 58. Qe5 Qe7 59. Kh3
Qf6 60. Qb8 Qf7 61. Qc8 Kh7 1/2-1/2

[Event "DEM U12/U12w 2013"]
[Site "Oberhof GER"]
[Date "2013.05.19"]
[Round "2"]
[White "Reimers, Kim"]
[Black "Fieberg, Samuel"]
[Result "0-1"]
[Termination "normal"]
[Board "5"]
[WhiteElo "1603"]
[BlackElo "1900"]
[PlyCount "50"]
[WhiteFideId "12930377"]
[BlackFideId "12901717"]
[EventCountry "GER"]
[EventRounds "11"]
[EventType "swiss"]
[EventDate "2013.05.18"]

1. e4 c5 2. d4 cxd4 3. c3 Nf6 4. e5 Nd5 5. cxd4 Nc6 6. Bc4 Nb6 7. Bb3 d6 8.
exd6 Qxd6 9. Nf3 Bf5 10. Nc3 e6 11. O-O Be7 12. d5 exd5 13. Nxd5 Nxd5 14. Qxd5
Qg6 15. Ne5 Nxe5 16. Qxe5 Be4 17. Ba4+ Kf8 18. f3 Bc6 19. Re1 Bb4 20. Bxc6 Bxe1
21. Bxb7 Qb6+ 22. Be3 Qxb7 23. Rxe1 Qd7 24. Bc5+ Kg8 25. Bxa7 Qxa7+ 0-1

[Event "DEM U12/U12w 2013"]
[Site "Oberhof GER"]
[Date "2013.05.19"]
[Round "2"]
[White "Mätzkow, Maximilian Paul"]
[Black "Biastoch, Bennet"]
[Result "1-0"]
[Termination "normal"]
[Board "6"]
[WhiteElo "1730"]
[BlackElo "1676"]
[PlyCount "89"]
[WhiteFideId "24679933"]
[BlackFideId "12939889"]
[EventCountry "GER"]
[EventRounds "11"]
[EventType "swiss"]
[EventDate "2013.05.18"]

1. d4 Nf6 2. c4 g6 3. Nc3 Bg7 4. e4 d6 5. f3 O-O 6. Be3 e5 7. Nge2 Nbd7 8. Qd2
c6 9. O-O-O a6 10. g4 b5 11. h4 Qa5 12. h5 b4 13. Nb1 Qxa2 14. Ng3 exd4 15. Bh6
Ne5 16. Bxg7 Nxc4 17. Qxd4 Nxb2 18. Qxb2 Qxb2+ 19. Kxb2 Kxg7 20. Rxd6 Ne8 21.
Rxc6 a5 22. Rb6 Nc7 23. Be2 Ne6 24. Rd1 Nf4 25. Bc4 Be6 26. Bxe6 Nxe6 27. Rd5
Nf4 28. Rd2 Rfc8 29. Rb7 Rd8 30. Rdd7 Rxd7 31. Rxd7 Rc8 32. hxg6 hxg6 33. Nf1
Ng2 34. Nfd2 Ne3 35. Kb3 Kf6 36. Ra7 Rc5 37. Ka4 Nd1 38. Kb3 Ne3 39. Rb7 Ke6
40. Ka4 Nc2 41. Nb3 Re5 42. Nxa5 Nd4 43. Nd2 b3 44. Naxb3 Nc6 45. f4 1-0

[Event "DEM U12/U12w 2013"]
[Site "Oberhof GER"]
[Date "2013.05.19"]
[Round "2"]
[White "Stein, Robert"]
[Black "Vuckovic, Zarko"]
[Result "1-0"]
[Termination "normal"]
[Board "7"]
[WhiteElo "1728"]
[BlackElo "1722"]
[PlyCount "53"]
[WhiteFideId "12921084"]
[BlackFideId "12952087"]
[EventCountry "GER"]
[EventRounds "11"]
[EventType "swiss"]
[EventDate "2013.05.18"]

1. e4 c5 2. Nf3 e6 3. d4 cxd4 4. Nxd4 a6 5. Bd3 Qc7 6. O-O b5 7. Qe2 d6 8. Be3
Bb7 9. a4 b4 10. c3 Nf6 11. cxb4 Nxe4 12. Bxe4 Bxe4 13. Nc3 Bb7 14. Rac1 Qd8
15. Nb3 Nc6 16. b5 axb5 17. Qxb5 Qd7 18. Rfd1 Ba6 19. Qh5 Qb7 20. Nd4 Nxd4 21.
Bxd4 e5 22. Be3 Qxb2 23. Nd5 Rc8 24. Nc7+ Rxc7 25. Rxc7 Qb8 26. Qxf7+ Kd8 27.
Qd7# 1-0

[Event "DEM U12/U12w 2013"]
[Site "Oberhof GER"]
[Date "2013.05.19"]
[Round "2"]
[White "Rieß, Alexander"]
[Black "Muckle, Julius"]
[Result "0-1"]
[Termination "normal"]
[Board "8"]
[WhiteElo "1605"]
[BlackElo "1804"]
[PlyCount "84"]
[WhiteFideId "12953326"]
[BlackFideId "12942430"]
[EventCountry "GER"]
[EventRounds "11"]
[EventType "swiss"]
[EventDate "2013.05.18"]

1. Nf3 d5 2. g3 c5 3. Bg2 Nc6 4. d3 e5 5. Nbd2 f6 6. e4 d4 7. O-O Bd6 8. Nh4
Nge7 9. f4 Be6 10. f5 Bf7 11. Bf3 O-O 12. Bh5 b5 13. Bxf7+ Rxf7 14. g4 Rc8 15.
a4 a6 16. axb5 axb5 17. c4 dxc3 18. bxc3 b4 19. Bb2 Bc7 20. Nc4 Na5 21. Ne3 Bb6
22. Kh1 c4 23. Nxc4 Nxc4 24. dxc4 Qxd1 25. Rfxd1 bxc3 26. Bxc3 Rxc4 27. Be1
Rxe4 28. h3 Bd4 29. Ra4 Rxe1+ 30. Rxe1 Bf2 31. Nf3 Bxe1 32. Nxe1 Nd5 33. Kg2
Nf4+ 34. Kg3 h6 35. Nf3 Rb7 36. Rxf4 exf4+ 37. Kxf4 Rb4+ 38. Kg3 Rb3 39. Kf4
Kf7 40. h4 Rb4+ 41. Kg3 Ke7 42. Kf2 Rxg4 0-1

[Event "DEM U12/U12w 2013"]
[Site "Oberhof GER"]
[Date "2013.05.19"]
[Round "2"]
[White "Zienert, Richard"]
[Black "Acikel, Mert"]
[Result "1/2-1/2"]
[Termination "normal"]
[Board "9"]
[WhiteElo "1846"]
[BlackElo "1727"]
[PlyCount "111"]
[WhiteFideId "12945986"]
[BlackFideId "12956465"]
[EventCountry "GER"]
[EventRounds "11"]
[EventType "swiss"]
[EventDate "2013.05.18"]

1. e4 e5 2. Nf3 Nc6 3. Bb5 a6 4. Ba4 Nf6 5. O-O Be7 6. Re1 b5 7. Bb3 d6 8. h3
O-O 9. c3 Na5 10. Bc2 c5 11. d3 Qc7 12. Nbd2 Bd7 13. Nf1 Nc6 14. Bg5 h6 15. Bh4
a5 16. Ne3 a4 17. Rc1 a3 18. b3 g5 19. Bg3 Qa5 20. Bb1 b4 21. c4 Nd4 22. Nxd4
cxd4 23. Nd5 Nxd5 24. exd5 Rac8 25. Qh5 Kh7 26. f4 f6 27. h4 Be8 28. Qe2 Bg6
29. hxg5 hxg5 30. Qg4 Rce8 31. fxg5 fxg5 32. c5 Qd8 33. Rc4 Bf5 34. Qh5+ Kg7
35. Rxb4 Bg6 36. Qe2 dxc5 37. Bxe5+ Bf6 38. Bxf6+ Rxf6 39. Rb7+ Kg8 40. Re7
Rxe7 41. Qxe7 Qxe7 42. Rxe7 Rf5 43. d6 Kf8 44. g4 Rd5 45. Rc7 Rxd6 46. Rxc5 Ke7
47. Rxg5 Rc6 48. Re5+ Kf6 49. Re1 Kg5 50. Kf2 Kxg4 51. Ke2 Kf5 52. Kd2 Bh5 53.
Re7 Rg6 54. Rf7+ Ke6 55. Rf2 Rg1 56. Bc2 1/2-1/2

[Event "DEM U12/U12w 2013"]
[Site "Oberhof GER"]
[Date "2013.05.19"]
[Round "2"]
[White "Liebeck, Eddie"]
[Black "Engel, Luis"]
[Result "1/2-1/2"]
[Termination "normal"]
[Board "10"]
[WhiteElo "1726"]
[BlackElo "1740"]
[PlyCount "59"]
[WhiteFideId "12945854"]
[BlackFideId "12961523"]
[EventCountry "GER"]
[EventRounds "11"]
[EventType "swiss"]
[EventDate "2013.05.18"]

1. d4 Nf6 2. c4 e5 3. e3 exd4 4. exd4 d5 5. Nf3 Bg4 6. c5 Be7 7. Nc3 O-O 8. Be2
c6 9. Bf4 Nbd7 10. O-O Ne4 11. Nxe4 dxe4 12. Nd2 Bxe2 13. Qxe2 f5 14. Nc4 Nf6
15. Bd6 Nd5 16. Bxe7 Qxe7 17. Ne5 Qg5 18. g3 Rad8 19. h4 Qe7 20. f4 Nc7 21.
Rad1 Ne6 22. Qc4 Rd5 23. Rd2 Kh8 24. b4 Rfd8 25. Rfd1 e3 26. Re2 Nxd4 27. Rxd4
Rxd4 28. Nf7+ Kg8 29. Nh6+ Kh8 30. Nf7+ 1/2-1/2

[Event "DEM U12/U12w 2013"]
[Site "Oberhof GER"]
[Date "2013.05.19"]
[Round "2"]
[White "Degenhard, Simon"]
[Black "Savchenko, Daniel"]
[Result "1-0"]
[Termination "normal"]
[Board "11"]
[WhiteElo "1711"]
[BlackElo "1763"]
[PlyCount "75"]
[WhiteFideId "12944017"]
[BlackFideId "12919195"]
[EventCountry "GER"]
[EventRounds "11"]
[EventType "swiss"]
[EventDate "2013.05.18"]

1. e4 e5 2. Nf3 Nf6 3. Nxe5 d6 4. Nf3 Nxe4 5. Nc3 Nf6 6. d4 Be7 7. Bd3 O-O 8.
h3 c6 9. O-O Re8 10. Re1 Nbd7 11. Bf4 Nf8 12. Ne4 Be6 13. c3 b5 14. a4 bxa4 15.
Qxa4 Nd5 16. Bg3 Qd7 17. Qc2 Nb6 18. Neg5 h6 19. Rxe6 Nxe6 20. Bh7+ Kf8 21.
Nxe6+ Qxe6 22. Bf5 Qf6 23. Be5 dxe5 24. dxe5 Qxf5 25. Qxf5 g6 26. Qf4 Kg7 27.
Nd4 Bg5 28. Qe4 c5 29. Nb5 Rad8 30. Rxa7 Rd2 31. Nd6 Rxd6 32. Qb7 Re7 33. exd6
Rxb7 34. Rxb7 Nc4 35. d7 Na5 36. Rc7 Bd8 37. Rc8 Nb7 38. Rb8 1-0

[Event "DEM U12/U12w 2013"]
[Site "Oberhof GER"]
[Date "2013.05.19"]
[Round "2"]
[White "Wierzbicki, Jirawat"]
[Black "Riedel, Erich"]
[Result "1-0"]
[Termination "normal"]
[Board "12"]
[WhiteElo "1704"]
[BlackElo "1767"]
[PlyCount "125"]
[WhiteFideId "1153579"]
[BlackFideId "12958646"]
[EventCountry "GER"]
[EventRounds "11"]
[EventType "swiss"]
[EventDate "2013.05.18"]

1. e4 e6 2. d4 d5 3. Nc3 Nf6 4. e5 Nfd7 5. Nce2 c5 6. c3 Nc6 7. Nf3 Be7 8. g3
b6 9. Bg2 Bb7 10. O-O O-O 11. Be3 Qc7 12. h3 f6 13. Nf4 Nd8 14. exf6 Bxf6 15.
Qd2 Qc6 16. Rfe1 Nf7 17. h4 Rfe8 18. Rad1 cxd4 19. cxd4 Nf8 20. g4 Qd7 21. g5
Be7 22. Nd3 a5 23. a3 Bd6 24. Bf4 Ng6 25. Bxd6 Nxd6 26. Nde5 Nxe5 27. Nxe5 Qe7
28. Bh3 Nf5 29. h5 Qd6 30. Qe2 Ba6 31. Qg4 Bc8 32. Rc1 Bd7 33. Rc3 Rf8 34. Rec1
Rac8 35. Rxc8 Rxc8 36. Rxc8+ Bxc8 37. g6 h6 38. Nf7 Qc7 39. Qd1 Bd7 40. Bxf5
exf5 41. Ne5 Be6 42. Kg2 Kf8 43. Qd2 Ke7 44. b4 axb4 45. Qxb4+ Qd6 46. Qa4 Bd7
47. Qa7 Ke6 48. Nxd7 Qxd7 49. Qxb6+ Ke7 50. Qa6 f4 51. Qe2+ Kd8 52. a4 Qxa4 53.
Qe5 Qd7 54. Qxf4 Kc8 55. Qf8+ Kc7 56. Qf7 Kd8 57. Qxd7+ Kxd7 58. Kf3 Ke6 59.
Kg4 Kf6 60. f4 Ke6 61. f5+ Ke7 62. Kf3 Kf6 63. Kf4 1-0

[Event "DEM U12/U12w 2013"]
[Site "Oberhof GER"]
[Date "2013.05.19"]
[Round "2"]
[White "Fromm, Katja"]
[Black "Schnabel, Bennett"]
[Result "1-0"]
[Termination "normal"]
[Board "13"]
[WhiteElo "1546"]
[BlackElo "1708"]
[PlyCount "113"]
[WhiteFideId "12929409"]
[BlackFideId "12943290"]
[EventCountry "GER"]
[EventRounds "11"]
[EventType "swiss"]
[EventDate "2013.05.18"]

1. d4 f5 2. Nf3 Nf6 3. g3 g6 4. Bg2 Bg7 5. c4 O-O 6. Nc3 d6 7. d5 a5 8. O-O Qe8
9. Nd4 h6 10. Re1 g5 11. Qd3 Ng4 12. e4 Nxf2 13. Qd2 fxe4 14. Nxe4 Nxe4 15.
Rxe4 Bf5 16. Nxf5 Rxf5 17. Qe2 Re5 18. Rb1 Nd7 19. Bd2 Qg6 20. Re1 Nc5 21. Re3
Rxe3 22. Bxe3 Nd3 23. Rb1 Nf4 24. Qe1 Nxg2 25. Kxg2 Qc2+ 26. Kg1 Bxb2 27. Bf2
Be5 28. c5 Qxa2 29. Rxb7 Qxd5 30. Rxc7 Bf6 31. c6 a4 32. Rxe7 Bxe7 33. Qxe7 a3
34. c7 Qf7 35. Qxd6 a2 36. Qd8+ Qf8 37. Qd5+ Kh7 38. Qe4+ Kg7 39. Bd4+ Kf7 40.
Qd5+ Kg6 41. Qe4+ Kf7 42. Qf5+ Ke8 43. c8=Q+ Rxc8 44. Qxc8+ Kf7 45. Qc4+ Kg6
46. Qxa2 Qc8 47. Qb1+ Kf7 48. Qh7+ Ke6 49. Qxh6+ Kd5 50. Be3 Qb8 51. Qxg5+ Ke6
52. Qg6+ Kd5 53. h4 Qb2 54. Qd3+ Ke6 55. Qc4+ Ke7 56. Bc5+ Kd7 57. Qd4+ 1-0

[Event "DEM U12/U12w 2013"]
[Site "Oberhof GER"]
[Date "2013.05.19"]
[Round "2"]
[White "Reimann, Sebastian"]
[Black "Wendler, David"]
[Result "1-0"]
[Termination "normal"]
[Board "14"]
[WhiteElo "1629"]
[BlackElo "1548"]
[PlyCount "207"]
[WhiteFideId "12928054"]
[BlackFideId "12938360"]
[EventCountry "GER"]
[EventRounds "11"]
[EventType "swiss"]
[EventDate "2013.05.18"]

1. e4 c5 2. Nf3 Nc6 3. d4 cxd4 4. Nxd4 Nf6 5. Nc3 e5 6. Ndb5 d6 7. Bg5 a6 8.
Na3 b5 9. Bxf6 gxf6 10. Nd5 Bg7 11. Bd3 Ne7 12. Nxe7 Qxe7 13. O-O O-O 14. c4 b4
15. Nc2 Rb8 16. b3 Kh8 17. Ne3 Be6 18. Rb1 Rg8 19. Kh1 Bh6 20. Nf5 Bxf5 21.
exf5 Qb7 22. f3 Be3 23. Be4 Qd7 24. Qe1 Bd4 25. Qh4 Qe7 26. Rbe1 Rg7 27. Rc1
Rbg8 28. Rc2 a5 29. Re1 Bc5 30. Ree2 Bd4 31. Bd5 Qd8 32. Rcd2 Bc3 33. Rd1 Bd4
34. Rd3 Bc3 35. Rc2 Bd4 36. Rdd2 Bc3 37. Re2 Bd4 38. Qh3 Qd7 39. Be4 Qd8 40.
Bd5 Qd7 41. Be4 Qd8 42. Qh4 Bc3 43. Bd5 Bd4 44. Rcd2 Bc3 45. Rd3 Bd4 46. Be4
Bc5 47. Rd5 Qe7 48. Bc2 Rg5 49. Qh6 Qd8 50. Rdd2 Bd4 51. Be4 R5g7 52. Bd5 Bc3
53. Rc2 Bd4 54. Re4 Bc3 55. Rce2 Rg5 56. Bxf7 R8g7 57. Be6 Qf8 58. Rh4 Qe7 59.
Rhe4 Qf8 60. R4e3 Bd4 61. Rd3 Qe7 62. Qh4 Qf8 63. Qe4 Rh5 64. Qd5 Rgg5 65. Rxd4
exd4 66. g4 Rh4 67. Qxd4 h5 68. Qf2 Rh3 69. Re3 hxg4 70. fxg4 Rxe3 71. Qxe3 Qh6
72. Bd5 Kh7 73. Bf7 Rxg4 74. Bg6+ Rxg6 75. fxg6+ Qxg6 76. Qh3+ Kg7 77. Qg2 Kh6
78. Qxg6+ Kxg6 79. Kg2 Kf5 80. Kf3 Kg5 81. h3 Kh4 82. Kf4 Kxh3 83. Kf5 Kg3 84.
Kxf6 Kf2 85. Ke6 Ke2 86. Kxd6 Kd2 87. Kc5 Kc3 88. Kb5 Kb2 89. Kxa5 Ka3 90. c5
Kxa2 91. Kxb4 Kb2 92. c6 Kc2 93. c7 Kd3 94. c8=Q Ke4 95. Kc4 Ke5 96. b4 Ke4 97.
b5 Ke5 98. b6 Ke4 99. b7 Ke5 100. b8=R Kd6 101. Rb5 Ke7 102. Rb6 Kf7 103. Qd7+
Kg8 104. Rb8# 1-0

[Event "DEM U12/U12w 2013"]
[Site "Oberhof GER"]
[Date "2013.05.19"]
[Round "2"]
[White "Schulze, Lara"]
[Black "Laubrock, Paul"]
[Result "0-1"]
[Termination "normal"]
[Board "15"]
[WhiteElo "1839"]
[BlackElo "1671"]
[PlyCount "108"]
[WhiteFideId "12956830"]
[BlackFideId "1270509"]
[EventCountry "GER"]
[EventRounds "11"]
[EventType "swiss"]
[EventDate "2013.05.18"]

1. d4 Nf6 2. c4 d5 3. cxd5 Qxd5 4. Nc3 Qd8 5. Nf3 Bg4 6. Ne5 Be6 7. e4 c6 8.
Be3 Nbd7 9. Nf3 Nb6 10. Nd2 g6 11. Be2 Bg7 12. O-O O-O 13. f3 Ne8 14. e5 Nc7
15. Nde4 Bc4 16. Bxc4 Nxc4 17. Bc1 Nd5 18. Nxd5 Qxd5 19. b3 Nb6 20. Ba3 Rfe8
21. Nc5 Rab8 22. Rc1 Red8 23. Bb2 Bh6 24. Rc2 Be3+ 25. Kh1 Bxd4 26. Rd2 Qxc5
27. Bxd4 Qa5 28. Bc3 Rxd2 29. Bxa5 Rxd1 30. Rxd1 Nd5 31. Kg1 b6 32. Be1 Rd8 33.
Bh4 Kf8 34. Rc1 c5 35. a4 Nf4 36. Rc2 Ke8 37. Kf2 Nd3+ 38. Ke3 Nxe5 39. Kf2
Nd3+ 40. Kf1 Nb4 41. Re2 Nc6 42. a5 Rd1+ 43. Kf2 Rd4 44. Bf6 Rf4 45. Bg5 Rf5
46. Bd2 b5 47. Be3 Rd5 48. Rc2 Nb4 49. Rc3 Kd7 50. Ke2 Kd6 51. Bf4+ e5 52. Bd2
Nc6 53. Rc1 Nd4+ 54. Ke1 Nxb3 0-1

[Event "DEM U12/U12w 2013"]
[Site "Oberhof GER"]
[Date "2013.05.19"]
[Round "2"]
[White "Lellek, Lewin Louis"]
[Black "Müller, Elias"]
[Result "1-0"]
[Termination "normal"]
[Board "16"]
[WhiteElo "1276"]
[BlackElo "1674"]
[PlyCount "69"]
[WhiteFideId "12971820"]
[BlackFideId "12917133"]
[EventCountry "GER"]
[EventRounds "11"]
[EventType "swiss"]
[EventDate "2013.05.18"]

1. e4 c5 2. Nf3 d6 3. d4 cxd4 4. Nxd4 Nf6 5. Nc3 a6 6. Be3 e6 7. Be2 Be7 8. Qd2
O-O 9. f3 Nbd7 10. g4 Qc7 11. h4 b5 12. a3 Bb7 13. h5 Ne5 14. g5 Nfd7 15. g6
Nb6 16. gxh7+ Kxh7 17. h6 g6 18. O-O-O Nbc4 19. Bxc4 Nxc4 20. Qf2 Rac8 21. f4
Nxa3 22. Rhg1 Bxe4 23. Nxe4 e5 24. bxa3 exd4 25. Bxd4 d5 26. Nf6+ Bxf6 27. Bxf6
Qd6 28. Bb2 Rc4 29. f5 Rf4 30. Qg3 Rc8 31. fxg6+ fxg6 32. Rde1 Rc7 33. Re8 d4
34. Rge1 d3 35. Rh8# 1-0

[Event "DEM U12/U12w 2013"]
[Site "Oberhof GER"]
[Date "2013.05.19"]
[Round "2"]
[White "Schneider, Jana"]
[Black "Reinecke, Katharina"]
[Result "1-0"]
[Termination "normal"]
[Board "17"]
[WhiteElo "1644"]
[BlackElo "1608"]
[PlyCount "67"]
[WhiteFideId "12924997"]
[BlackFideId "12929727"]
[EventCountry "GER"]
[EventRounds "11"]
[EventType "swiss"]
[EventDate "2013.05.18"]

1. e4 c6 2. d4 d5 3. Nd2 dxe4 4. Nxe4 Bf5 5. Ng3 Bg6 6. Bc4 e6 7. N1e2 h6 8. c3
Bd6 9. Nf4 Bh7 10. Qg4 g5 11. Nxe6 fxe6 12. O-O Nd7 13. Re1 Ngf6 14. Qxe6+ Qe7
15. Qf7+ Kd8 16. Rxe7 Bxe7 17. Bd2 Bg8 18. Qg6 Bxc4 19. b3 Bg8 20. Re1 Bf8 21.
Qf5 Bh7 22. Qe6 Kc7 23. Qe2 Re8 24. Be3 Bg7 25. c4 Kd8 26. Qd2 Ne4 27. Nxe4
Bxe4 28. d5 Rhf8 29. Qa5+ Kc8 30. d6 Nb6 31. Qxa7 Nd7 32. Qa5 b6 33. Qa7 Rf7
34. Qc7# 1-0

[Event "DEM U12/U12w 2013"]
[Site "Oberhof GER"]
[Date "2013.05.19"]
[Round "2"]
[White "Mantel, Ruben"]
[Black "Mönster, Madita"]
[Result "0-1"]
[Termination "normal"]
[Board "18"]
[WhiteElo "1667"]
[BlackElo "1503"]
[PlyCount "92"]
[WhiteFideId "12930121"]
[BlackFideId "12947156"]
[EventCountry "GER"]
[EventRounds "11"]
[EventType "swiss"]
[EventDate "2013.05.18"]

1. e4 c5 2. Nc3 Nc6 3. g3 g6 4. Bg2 Bg7 5. d3 d6 6. Be3 Rb8 7. Qd2 b5 8. Nge2
b4 9. Nd1 e6 10. O-O Bd7 11. f4 Nge7 12. d4 cxd4 13. Nxd4 a5 14. Nf2 d5 15.
Nxc6 Bxc6 16. e5 Nf5 17. g4 Nxe3 18. Qxe3 O-O 19. Qh3 f6 20. g5 f5 21. Rac1 Rc8
22. Rfd1 Qb6 23. Qg3 Rfd8 24. b3 a4 25. Kh1 Bf8 26. Nd3 axb3 27. axb3 Bb5 28.
Bf1 Bxd3 29. Bxd3 Ra8 30. Ra1 Bc5 31. Ra4 Rxa4 32. bxa4 b3 33. Rb1 bxc2 34.
Bxc2 Qa7 35. Qb3 Qa8 36. Qb7 Qxb7 37. Rxb7 Be3 38. Rb4 d4 39. Bb3 Bxf4 40.
Bxe6+ Kf8 41. Rb7 Bxe5 42. Rxh7 Bg7 43. Kg2 d3 44. Bb3 Rb8 45. Bd1 Rb1 46. Bf3
d2 0-1